01000cam a2200289 a 450000100090000000300040000900500170001300800410003001000170007102000180008804000180010605000230012408200260014710000220017324500630019526000360025830000190029452100200031352600190033354100060035256200560035865000150041465000130042985600990044285600770054185600920061813241156OSt20140310182717.0030617s2010 nyu 000 1 eng  a 2003055344 a9780307719546 aDLCcDLCdDLC00aBJ 1481b.J66 201000aM 813.6221bJ63 20101 aJohnson, Spencer.14aThe presentbThe gift for Changing timescJohnson, Spencer aNew YorkbBroadway Bookscc2010 a109 p.c22 cm. aCollege Student c1210L to 1700L j1 efor circulation. 1 copy available in the collection 0aHappiness. 0aSuccess.423Contributor biographical informationuhttp://www.loc.gov/catdir/bios/random055/2003055344.html413Sample textuhttp://www.loc.gov/catdir/samples/random045/2003055344.html423Publisher descriptionuhttp://www.loc.gov/catdir/description/random0415/2003055344.html